000 00624nam a2200205Ia 4500
003 GCL
008 140319s9999 xx 000 0 ara d
040 _aGCL /
_cGCL
082 0 4 _a810.009
_bم ن
100 1 _aمحمد زغلول سلام
245 1 0 _aالنقد الادبى اصولة واتجاهات رواده /
_cمحمد زغلول سلام
260 _a[S.N] :
_bمنشاة المعارف الاسلامية ،
_c1981
300 _a446
490 _a
650 0 4 _aالاسلوب الادبى
650 0 4 _aالادب
650 0 4 _aتاريخ ونقد
650 0 4 _aالمجموعات
942 _2ddc
_cBK
999 _c32062
_d32062